Alexandrea ad Ægyptum /

محفوظ في:

مؤلفون آخرون: Boraïe, Sherif. (المحرر)

التنسيق: كتاب

اللغة: English

منشور في: Cairo, Egypt : Zeitouna, [2020].

الموضوعات:

الوسوم: إضافة وسم

لا توجد وسوم, كن أول من يضع وسما على هذه التسجيلة!

رقم الطلب: DT154 .A4 A634 2020

LEADER 00872nam a22002657a 4500
003 OSt
005 20260112113807.0
008 260112t20202020ua abe b 000 0 eng d
020 |a 9789775864314 
035 |a  (OCoLC)1237632621  
040 |c ARCE Library 
043 |a f-ua---  
050 1 4 |a DT154 .A4  |b A634 2020 
245 0 0 |a Alexandrea ad Ægyptum /   |c edited by Sherif Boraïe.  
264 1 |a Cairo, Egypt :   |b Zeitouna,   |c [2020].  |6   
264 4 |c ©2020. 
300 |a 54 pages :   |b illustrations (some color), maps (some color), plans (some color) ;   |c 18 x 25 cm. 
504 |a Includes bibliographical references (page 254).  
651 0 |a Alexandria (Egypt)   |x History.  
651 0 |a Alexandria (Egypt)   |v Pictorial works.  
651 0 |a Egypt   |z Alexandria. 
700 |a Boraïe, Sherif.  |e editor 
901 |a reviewed 
942 |2 lcc  |c BK 
999 |c 59101  |d 59101